Vấn đề tôn giáo trong cách mạng Việt Nam : Lí luận và thực tiễn
Sách nêu lên bối cảnh quốc tế của vấn đề tôn giáo ở Việt Nam thế kỉ XX. chủ nghĩa Mác-Lênin, tư tưởng Hồ Chí Minh về tôn giáo và bước khởi đầu nhận thức về vấn đề tôn giáo của ĐCSVN ( giai đoạn 1924-1945), sự phát triển quan tâm và...
Guardat en:
| Autor principal: | |
|---|---|
| Format: | Llibre |
| Idioma: | Undetermined |
| Publicat: |
Hà Nội
Chính trị Quốc gia
2005
|
| Matèries: | |
| Etiquetes: |
Afegir etiqueta
Sense etiquetes, Sigues el primer a etiquetar aquest registre!
|
| Thư viện lưu trữ: | Trung tâm Học liệu Trường Đại học Cần Thơ |
|---|
| LEADER | 01134nam a2200217Ia 4500 | ||
|---|---|---|---|
| 001 | CTU_111671 | ||
| 008 | 210402s9999 xx 000 0 und d | ||
| 020 | |c 55000 | ||
| 082 | |a 322.1 | ||
| 082 | |b H556 | ||
| 100 | |a Đỗ, Quang Hưng | ||
| 245 | 0 | |a Vấn đề tôn giáo trong cách mạng Việt Nam : | |
| 245 | 0 | |b Lí luận và thực tiễn | |
| 245 | 0 | |c Đỗ Quang Hưng | |
| 260 | |a Hà Nội | ||
| 260 | |b Chính trị Quốc gia | ||
| 260 | |c 2005 | ||
| 520 | |a Sách nêu lên bối cảnh quốc tế của vấn đề tôn giáo ở Việt Nam thế kỉ XX. chủ nghĩa Mác-Lênin, tư tưởng Hồ Chí Minh về tôn giáo và bước khởi đầu nhận thức về vấn đề tôn giáo của ĐCSVN ( giai đoạn 1924-1945), sự phát triển quan tâm và đường lối tôn giáo của Đảng, xây dựng và từng bước hoàn thiện chính sách tôn giáo... | ||
| 650 | |a Religion and state | ||
| 904 | |i Giang | ||
| 980 | |a Trung tâm Học liệu Trường Đại học Cần Thơ | ||